000 00889nam a2200301 a 4500
001 000115654
003 CHAP
005 20220329144543.0
008 190619s2015 sp a |r| ||||||spa d
010 _a112115
011 _a113087
020 _a9788490770726
040 _cCHAP
082 0 4 _a660.2815
_bG21
100 1 _aGarcía Taravilla, Victor Manuel.
_9136144
245 1 0 _aRegulación y control del proceso químico /
_cpor Víctor Manuel García Taravilla.
260 _aMadrid :
_bSintesis,
_c[2015].
300 _a305 p. :
_bil.
490 _aQuímica industrial
590 _aBATCH-UPD
_b05
_c20190619
_lUCH01
_h1002
590 _aE11695DGD
_b10
_c20190630
_lUCH01
_h1553
590 _aE5765TAJ
_b05
_c20190619
_lUCH01
_h1002
650 1 4 _aControl de procesos químicos.
_9136146
830 0 _aQuimica industrial
_9136145
901 _aBK
942 _cLIBRO
942 _n0
999 _c112115
_d112115